| 000 | 00729nam a2200193 i 4500 | ||
|---|---|---|---|
| 001 | 71061 | ||
| 003 | ES-MaACL | ||
| 005 | 20230906171016.0 | ||
| 007 | t| | ||
| 008 | 040805s1918 sp |||| |dspa d | ||
| 100 | 1 |
_aGaspar Remiro, Mariano. _955885 |
|
| 245 | 1 | 0 |
_aFernando II de Aragón y V de Castilla en la reconquista del Reino de Granada _b: conferencia inaugural del curso de 1918-19 en el Ateneo de Zaragoza / _cMariano Gaspar Remiro. |
| 260 |
_aZaragoza : _b[Ateneo de Zaragoza, _c1918] |
||
| 300 |
_a39 p. ; _c24 cm. |
||
| 600 | 0 | 4 |
_aFernando _bV _cRey de España. _950204 |
| 651 | 4 |
_aGranada (Reino)- _xHistoria- _y1483-1492 (Conquista) _9144014 |
|
| 710 | 2 |
_aAteneo de Zaragoza. _92034 |
|
| 852 |
_aES-MaACL _j1525-F-23 |
||
| 999 |
_c71061 _d71061 |
||